Statistics for Rome Fiumicino Airport (FCO) Destinations

Click here to take the quiz!

General Stats

  • This quiz has been taken 768 times
    (651 since last reset)
  • The average score is 119 of 218

Answer Stats

HintAnswer% Correct
Aegean Air, Alitalia, VuelingAthens
92%
Aer LingusDublin
92%
S7Moscow-Domodedovo
92%
Aeroflot, AlitaliaMoscow-Sheremetyevo
92%
Ural AirwaysMoscow-Zhukovsky
92%
Alitalia, EgyptairCairo
91%
Air Europa, Alitalia, Iberia, VuelingMadrid
91%
Air ChinaBeijing
90%
Alitalia, American Airlines, DeltaNew York-JFK
90%
Air France, Alitalia, Joon, Kuwait AirwaysParis-Charles de Gaulle
89%
easyJet, VuelingParis-Orly
89%
AlitaliaMilan-Linate
88%
Air Canada, Air Transat, AlitaliaToronto-Pearson
88%
Alitalia, easyJet, KLM, VuelingAmsterdam
87%
Alitalia, MeridianaMilan-Malpensa
87%
EmiratesDubai
86%
AlitaliaLondon-City
86%
British Airways, easyJet, VuelingLondon-Gatwick
86%
Alitalia, British AirwaysLondon-Heathrow
86%
easyJetLondon-Luton
86%
Norwegian Air Shuttle, Scandinavian AirOslo
86%
Alitalia, Swiss Air, VuelingZurich
86%
Alitalia, Ryanair, VuelingBarcelona
85%
Alitalia, Germanwings, VuelingBerlin-Tegel
84%
Alitalia, LufthansaFrankfurt
84%
TAP PortugalLisbon
84%
Alitalia, Lufthansa, VuelingMunich
84%
Aeroflot, AlitaliaSt. Petersburg
84%
Alitalia, EtihadAbu Dhabi
83%
Air India, AlitaliaDelhi
83%
Finnair, Norwegian Air ShuttlekatHelsinki
83%
Alitalia, Norwegian Air ShuttleLos Angeles
83%
AlitaliaVenice
83%
Austrian Air, Eurowings, VuelingVienna
83%
Alitalia, Brussels Air, RyanairBrussels
82%
Aerolíneas Argentinas, AlitaliaBuenos Aires
82%
Alitalia, El Al, Israir, RyanairTel Aviv
82%
Alitalia, Norwegian Air Shuttle, Scandinavian Air, VuelingCopenhagen
81%
Alitalia, easyJet Switzerland, VuelingGeneva
81%
Turkish AirIstanbul-Ataturk
81%
Pegasus Air, Turkish AirlinesIstanbul-Sabiha Gökçen
81%
Air Canada, Air TransatMontreal
81%
China EasternShanghai-Pudong
81%
Norwegian Air Shuttle, Scandinavian Air, VuelingStockholm-Arlanda
81%
Air Serbia, AlitaliaBelgrade
80%
Blue Air, TAROMBucharest
80%
Croatia AirlinesZagreb
80%
Alitalia, Royal Air MarocCasablanca
79%
Jet2.com, VuelingManchester
79%
AlitaliaMiami
79%
Alitalia, Czech Air, Smartwings, VuelingPrague
79%
airBalticRiga
79%
Air Algérie, AlitaliaAlgiers
78%
AlitaliaBoston
78%
Alitalia, American, UnitedChicago-O'hare
78%
Cathay PacificHong Kong
78%
Qatar AirwaysDoha
77%
Alitalia, EurowingsDusseldorf
77%
DeltaAtlanta
76%
Ukraine International AirlinesKiev-Boryspil
76%
Alitalia, VuelingKiev-Zhuliany
76%
Alitalia, Wizz AirBudapest
75%
easyJet, GermanwingsHamburg
75%
Alitalia, Asiana Air, Korean AirSeoul-Incheon
75%
Alitalia, Bulgaria Air, Wizz AirSofia
75%
easyJet, HOP!, VuelingLyon
74%
Air Malta, Alitalia, Ryanair, VuelingMalta
74%
Singapore AirlinesSingapore
74%
American AirlinesDallas/Fort Worth
73%
AlitaliaNaples
73%
Alitalia, easyJet, VuelingNice
73%
Alitalia, Ryanair, VuelingPalermo
73%
Alitalia, TunisairTunis
73%
Alitalia, Blue AirTurin
73%
UnitedWashington-Dulles
73%
Alitalia, Ryanair, VuelingMarseille
72%
AlitaliaRio de Janeiro
72%
Alitalia, LATAM BrasilSao Paulo
72%
AlitaliaTokyo-Narita
72%
Alitalia, Wizz AirWarsaw
72%
Jet2.comGlasgow
71%
Thai AirwaysBangkok-Suvarnabhumi
69%
VuelingEdinburgh
69%
SaudiaRiyadh
68%
Air TransatVancouver
68%
GermanwingsCologne/Bonn
67%
AlitaliaFlorence
67%
Alitalia, Royal JordanianAmman
66%
Kuwait AirwaysKuwait
66%
Alitalia, VuelingValencia
66%
Alitalia, Norwegian Air Shuttle, Ryanair, VuelingMalaga
64%
Alitalia, Meridiana, VuelingPalma de Mallorca
64%
Alitalia, RyanairBari
63%
Alitalia, Middle East AirlinesBeirut
63%
American AirlinesPhiladelphia
63%
Jet2.comBirmingham
62%
Germanwings, VuelingStuttgart
62%
Alitalia, Croatia Airlines, VuelingDubrovnik
61%
BelaviaMinsk
61%
Alitalia, Blu-express, Mistral AirTirana
61%
Ethiopian AirAddis Ababa
59%
AlitaliaBologna
59%
China SouthernGuangzhou
59%
Alitalia, Blu-express, Meridiana, Neos, VuelingIbiza
59%
SaudiaJeddah
59%
LuxairLuxembourg
59%
Alitalia, Croatia Airlines, VuelingSplit
59%
Alitalia, Iran AirTehran
59%
AlitaliaThessaloniki
59%
easyJet SwitzerlandBasel/Mulhouse
58%
HOP!Bordeaux
58%
Alitalia, Ryanair, VuelingCatania
57%
Air Moldova, FlyOneChisinau
57%
AlitaliaGenoa
57%
AlitaliaKrakow
57%
NeosSal
57%
Wizz AirVilnius
57%
Alitalia, easyJetToulouse
56%
Alitalia, VuelingBilbao
55%
Vueling, WOW AirReykjavik
55%
AlitaliaSantiago de Chile
55%
VuelingSantiago de Compostela
55%
Blue Panorama AirlinesSantiago de Cuba
55%
VuelingTallinn
55%
Blue AirLiverpool
54%
Ryanair, VuelingSeville
54%
AlitaliaTenerife-North
54%
Meridiana, Neos, Norwegian Air Shuttle, VuelingTenerife-South
54%
Norwegian Air ShuttleBergen
53%
DeltaDetroit
52%
Aegean Air, Alitalia, Blu-express, Meridiana, VuelingHeraklion
52%
AlitaliaJohannesburg
52%
AlitaliaMexico City
51%
Transavia France, VuelingNantes
51%
Alitalia, Montenegro AirPodgorica
51%
China AirlinesTaipei-Taoyuan
51%
Blu-express, Ryanair, VuelingCorfu
50%
Norwegian Air Shuttle, UnitedNewark
50%
Ryanair, VuelingAlicante
49%
Norwegian Air ShuttleGothenburg
48%
AlitaliaPisa
48%
AlitaliaCagliari
47%
American AirlinesCharlotte
47%
SunExpressIzmir
47%
Alitalia, Blu-express, Neos, VuelingRhodes
47%
AlitaliaVerona
47%
Jet2.comLeeds/Bradford
44%
Jet2.comNewcastle
43%
Alitalia, Blu-express, Neos, VuelingSantorini
43%
Alitalia, Blu-express, VuelingMykonos
42%
VuelingGran Canaria
41%
TransaviaRotterdam/The Hague
39%
AlitaliaTrieste
39%
easyJetBristol
38%
Alitalia, Meridiana, VuelingMenorca
38%
Uzbekistan AirTashkent
38%
Air Arabia MarocFez
37%
Alitalia, Blue Panorama AirlinesHavana
37%
Alitalia, Tus Air, VuelingLarnaca
36%
Blu-express, Ryanair, VuelingKos
35%
MeridianaOlbia
35%
Hainan AirlinesXi'an
35%
FlybeCardiff
34%
China SouthernWuhan
34%
Alitalia, RyanairBrindisi
33%
Blue Panorama Airlines, NeosCancun
32%
HOP!Strasbourg
31%
Ryanair, VuelingLanzarote
30%
DeltaMinneapolis/St. Paul
30%
Air Cairo, MeridianaSharm el-Sheikh
30%
VuelingZadar
30%
Meridiana, Niki, VuelingFuerteventura
29%
Wizz AirKatowice
29%
Hainan AirlinesChongqing
28%
Ukraine International AirlinesLviv
28%
Blu-express, VuelingZakynthos
28%
Alitalia, RyanairLamezia Terme
26%
Alitalia, Blue AirAlghero
25%
AlitaliaMontpellier
25%
AlitaliaOran
25%
Blue Air, TAROM, Wizz AirIasi
24%
AlitaliaAncona
23%
VuelingRennes
23%
JetairflyAntwerp
21%
Alitalia, NeosMale
21%
VuelingKalamata
20%
Alitalia, Blu-express, VuelingLampedusa
17%
Blu-expressReggio Calabria
17%
VuelingSamos
17%
Air CairoMarsa Alam
16%
Blu-express, VuelingPreveza
16%
Blue AirConstanța
15%
Alitalia, RyanairTrapani
15%
Primera AirAalborg
14%
Blu-expressKefalonia
14%
Blue AirBacau
13%
AlitaliaPescara
13%
Blu-expressSkiathos
13%
IberiaVigo
13%
Ural AirwaysYekaterinburg
13%
NeosBoa Vista
12%
Etihad RegionalLugano
11%
Alitalia, Blu-expressPantelleria
11%
RyanairComiso
9%
VuelingKarpathos
9%
Meridiana, NeosZanzibar
9%
FlyservusCrotone
8%
MeridianaMombasa
7%
Norwegian Air ShuttleOakland
6%
Hainan AirlinesHaikou
5%
Blue Panorama Airlines, MeridianaLa Romana
5%
Blue Panorama AirlinesCayo Largo del Sur
4%
China EasternWenzhou
4%
AlbastarLourdes
3%
NeosNosy Be
3%
JetairflyOstend
3%
Uzbekistan AirUrgench
2%
VuelingCephalonia
1%

Score Distribution

Percentile by Number Answered

Percent of People with Each Score

Your Score History

You have not taken this quiz since the last reset